CMMI distilled : A practical introduction to integrated process improvement (Record no. 905)

MARC details
000 -LEADER
fixed length control field 00495nam a2200181Ia 4500
008 - FIXED-LENGTH DATA ELEMENTS--GENERAL INFORMATION
fixed length control field 130318s9999 xx 000 0 und d
020 ## - INTERNATIONAL STANDARD BOOK NUMBER
International Standard Book Number 8129703793
082 ## - DEWEY DECIMAL CLASSIFICATION NUMBER
Classification number 005.1028 AHE/C
100 ## - MAIN ENTRY--PERSONAL NAME
Personal name Ahern, Dennis M
245 ## - TITLE STATEMENT
Title CMMI distilled : A practical introduction to integrated process improvement
250 ## - EDITION STATEMENT
Edition statement 2
260 ## - PUBLICATION, DISTRIBUTION, ETC.
Name of publisher, distributor, etc. Pearson Education
Place of publication, distribution, etc. New Delhi
Date of publication, distribution, etc. 2004
300 ## - PHYSICAL DESCRIPTION
Extent 305
650 ## - SUBJECT ADDED ENTRY--TOPICAL TERM
Topical term or geographic name entry element CMMI
650 ## - SUBJECT ADDED ENTRY--TOPICAL TERM
Topical term or geographic name entry element SOFTWARE ENGINEERING
700 ## - ADDED ENTRY--PERSONAL NAME
Personal name Clouse, Aaron
700 ## - ADDED ENTRY--PERSONAL NAME
Personal name Turner, Richard
Holdings
Withdrawn status Lost status Damaged status Not for loan Collection code Home library Current library Shelving location Date acquired Cost, normal purchase price Total Checkouts Full call number Barcode Date last seen Price effective from Koha item type
        Software Engineering Kerala University of Digital Sciences, Innovation and Technology Knowledge Centre Kerala University of Digital Sciences, Innovation and Technology Knowledge Centre Computer Science 18/03/2013 220.00   005.1028 AHE/C 912 18/03/2013 18/03/2013 Books